[Event "Hessen-ch"]
[Site "Frankfurt"]
[Date "2018.05.13"]
[Round "9"]
[White "Guelsen, Taylan"]
[Black "Bonnaire, Ulrich"]
[Result "1-0"]
[WhiteElo "2144"]
[BlackElo "2208"]
[PlyCount "33"]
[EventDate "2018.05.09"]
[EventType "swiss"]
[EventRounds "9"]
[EventCountry "GER"]
[SourceTitle "EXT 2019"]
[Source "ChessBase"]
[SourceDate "2018.10.10"]
[SourceVersion "1"]
[SourceVersionDate "2018.10.10"]
[SourceQuality "1"]

1. d4 d5 2. Bf4 Nf6 3. e3 e6 4. Nf3 Be7 5. c3 0-0 6. Nbd2 c5 7. Bd3 Nc6 8. Ne5 Re8 9. h4 cxd4 10. exd4 Nxe5 11. dxe5 Nd7 12. Nf3 f6 13. Bxh7+ Kxh7 14. Ng5+ Kg8 15. Qh5 Nf8 16. Qf7+ Kh8 17. h5 1-0

[Event "Hessen-ch"]
[Site "Frankfurt"]
[Date "2018.05.11"]
[Round "6"]
[White "Bonnaire, Ulrich"]
[Black "Meyner, Hannes"]
[Result "0-1"]
[WhiteElo "2208"]
[BlackElo "2181"]
[PlyCount "180"]
[EventDate "2018.05.09"]
[EventType "swiss"]
[EventRounds "9"]
[EventCountry "GER"]
[SourceTitle "EXT 2019"]
[Source "ChessBase"]
[SourceDate "2018.10.10"]
[SourceVersion "1"]
[SourceVersionDate "2018.10.10"]
[SourceQuality "1"]

1. e4 c6 2. d4 d5 3. exd5 cxd5 4. Bd3 Nc6 5. c3 Nf6 6. Bf4 Bg4 7. Qb3 Qd7 8. Nd2 e6 9. Ngf3 Bd6 10. Bxd6 Qxd6 11. 0-0 0-0 12. Rae1 Bxf3 13. Nxf3 Qc7 14. Bb1 Rfc8 15. Ne5 Nxe5 16. dxe5 Nd7 17. Qc2 Nf8 18. Qd3 Rab8 19. Kh1 b5 20. f4 b4 21. cxb4 Rxb4 22. f5 exf5 23. Qxd5 Rd8 24. Qf3 Rxb2 25. Bxf5 Re8 26. e6 f6 27. Qd5 Qb7 28. Be4 Qxd5 29. Bxd5 Re7 30. Rf3 Rb6 31. Rfe3 f5 32. h4 g6 33. h5 Kg7 34. hxg6 hxg6 35. g4 Kf6 36. gxf5 gxf5 37. Rh3 Ng6 38. Rf1 Rb4 39. Rhf3 Rh7+ 40. Kg1 Rg4+ 41. Kf2 Nf4 42. Bb3 Nxe6 43. Bxe6 Kxe6 44. Ke3 Re4+ 45. Kd3 Rd7+ 46. Kc3 Rd5 47. Rh1 Rc5+ 48. Kd3 Ra4 49. Rh6+ Kf7 50. Rf2 Rd5+ 51. Kc3 Rda5 52. Rb2 Rc5+ 53. Kd3 Rd5+ 54. Kc3 Kg7 55. Rc6 Rd7 56. Rh2 Rg4 57. Rhh6 Rf7 58. Rh2 f4 59. Kd3 f3 60. Rf2 Ra4 61. Rc3 Kg6 62. Ke3 Raf4 63. Rc5 R4f6 64. a4 Re7+ 65. Kd3 Rd6+ 66. Kc2 Rf7 67. Rc3 Rdf6 68. Rc5 Rf5 69. Rb5 Rxb5 70. axb5 Kg5 71. Kd3 Kf4 72. Kd2 Re7 73. Rh2 Kg3 74. Rh6 Kf2 75. Rg6 Rd7+ 76. Kc2 Ke2 77. Re6+ Kf1 78. Rg6 f2 79. Rg5 Rd4 80. Kc3 Rf4 81. Kd2 Rf7 82. Rg6 Rd7+ 83. Kc2 Rd5 84. Rg7 Ke2 85. Re7+ Kf3 86. Rf7+ Ke3 87. Kc3 Rc5+ 88. Kb4 Rc1 89. Re7+ Kd4 90. Rd7+ Ke5 0-1

[Event "Hessen-ch"]
[Site "Frankfurt"]
[Date "2018.05.10"]
[Round "4"]
[White "Alber, Horst"]
[Black "Bonnaire, Ulrich"]
[Result "1-0"]
[WhiteElo "2290"]
[BlackElo "2208"]
[PlyCount "53"]
[EventDate "2018.05.09"]
[EventType "swiss"]
[EventRounds "9"]
[EventCountry "GER"]
[SourceTitle "EXT 2019"]
[Source "ChessBase"]
[SourceDate "2018.10.10"]
[SourceVersion "1"]
[SourceVersionDate "2018.10.10"]
[SourceQuality "1"]

1. d4 d5 2. c4 dxc4 3. Nf3 Nf6 4. Nc3 a6 5. a4 Nc6 6. e4 Bg4 7. Be3 e5 8. d5 Na5 9. h3 Bxf3 10. Qxf3 Nd7 11. Qg3 Qf6 12. Be2 Bd6 13. h4 Qg6 14. Qh3 h5 15. g3 Bb4 16. Qg2 Nc5 17. 0-0 Bxc3 18. Bxc5 Bxb2 19. Rab1 c3 20. Qf3 Nb3 21. Rxb2 Nxc5 22. Qxc3 Nxa4 23. Qxe5+ Kf8 24. Rxb7 Qd6 25. Qd4 Nc5 26. e5 Ne6 27. Qc4 1-0

[Event "Hessen-ch"]
[Site "Frankfurt"]
[Date "2018.05.09"]
[Round "1"]
[White "Lubbe, Nikolas"]
[Black "Bonnaire, Ulrich"]
[Result "1-0"]
[WhiteElo "2453"]
[BlackElo "2208"]
[PlyCount "57"]
[EventDate "2018.05.09"]
[EventType "swiss"]
[EventRounds "9"]
[EventCountry "GER"]
[SourceTitle "EXT 2019"]
[Source "ChessBase"]
[SourceDate "2018.10.10"]
[SourceVersion "1"]
[SourceVersionDate "2018.10.10"]
[SourceQuality "1"]

1. c4 Nf6 2. Nf3 c5 3. g3 b6 4. Bg2 Bb7 5. 0-0 e6 6. Nc3 Be7 7. Re1 d5 8. cxd5 exd5 9. d4 Nbd7 10. dxc5 bxc5 11. Nh4 Nb6 12. Nf5 0-0 13. a4 a5 14. Qb3 Re8 15. Bg5 Bc6 16. Nxe7+ Rxe7 17. Rad1 Rb8 18. Qa3 Rd7 19. Qxc5 Bxa4 20. Rd4 Bb3 21. Qxa5 Ra8 22. Qb4 Bc4 23. b3 Ba6 24. Bxf6 gxf6 25. Red1 Rb8 26. Rg4+ Kh8 27. Qf4 Rd6 28. Rh4 Bc8 29. Nb5 1-0

[Event "Hessenliga 0809"]
[Site "Germany"]
[Date "2009.02.15"]
[Round "8.3"]
[White "Bonnaire, Ulrich"]
[Black "Wind, Lutz"]
[Result "1-0"]
[WhiteElo "2185"]
[BlackElo "2183"]
[PlyCount "83"]
[EventDate "2008.09.14"]
[EventType "team-tourn"]
[EventRounds "9"]
[EventCountry "GER"]
[SourceTitle "EXT 2011"]
[Source "ChessBase"]
[SourceDate "2010.11.26"]
[SourceVersion "1"]
[SourceVersionDate "2010.11.26"]
[SourceQuality "1"]
[WhiteTeam "Frankfurt West"]
[BlackTeam "Lorsch"]
[WhiteTeamCountry "GER"]
[BlackTeamCountry "GER"]

1. e4 c5 2. Nf3 Nc6 3. Nc3 g6 4. d4 cxd4 5. Nxd4 Bg7 6. Be3 Nf6 7. Nxc6 bxc6 8. e5 Ng8 9. f4 Nh6 10. Bd3 d6 11. exd6 exd6 12. 0-0 0-0 13. h3 Nf5 14. Bxf5 Bxf5 15. g4 Bc8 16. f5 Ba6 17. Rf2 Qh4 18. Qf3 Rfe8 19. Re1 d5 20. f6 Bh6 21. Nb1 Rab8 22. b3 Rb4 23. c4 Rbb8 24. Rfe2 Bxe3+ 25. Rxe3 Qxe1+ 26. Rxe1 Rxe1+ 27. Kf2 Re6 28. cxd5 cxd5 29. Nc3 d4 30. Ne4 Rbb6 31. Qf4 Kf8 32. g5 Rb5 33. Kg3 Rbe5 34. Nf2 Bb7 35. Ng4 Rb5 36. Qb8+ Re8 37. Qd6+ Kg8 38. Nh6+ Kh8 39. Nxf7+ Kg8 40. Nh6+ Kh8 41. Qd7 Rxg5+ 42. Kf4 1-0

[Event "Hessenliga 0809"]
[Site "Germany"]
[Date "2009.02.08"]
[Round "7.2"]
[White "Bonnaire, Ulrich"]
[Black "Bosbach, Gerhard"]
[Result "1-0"]
[WhiteElo "2185"]
[BlackElo "2196"]
[PlyCount "77"]
[EventDate "2008.09.14"]
[EventType "team-tourn"]
[EventRounds "9"]
[EventCountry "GER"]
[SourceTitle "EXT 2011"]
[Source "ChessBase"]
[SourceDate "2010.11.26"]
[SourceVersion "1"]
[SourceVersionDate "2010.11.26"]
[SourceQuality "1"]
[WhiteTeam "Frankfurt West"]
[BlackTeam "Bensheim"]
[WhiteTeamCountry "GER"]
[BlackTeamCountry "GER"]

1. e4 c5 2. Nf3 e6 3. d4 cxd4 4. Nxd4 Nc6 5. Nc3 Qc7 6. Be3 a6 7. Be2 Nf6 8. 0-0 Bb4 9. Nxc6 bxc6 10. Na4 Rb8 11. Qd3 Qa5 12. b3 d5 13. Bf4 Rb7 14. Qxa6 0-0 15. Qxc6 Ra7 16. a3 Be7 17. Qc3 Nxe4 18. Qxa5 Rxa5 19. f3 Nc5 20. Nc3 Bf6 21. Bd2 Ra8 22. Ra2 Bb7 23. a4 e5 24. Nb5 Rfd8 25. Bb4 Ne6 26. Nd6 Bc6 27. Nf5 g6 28. Ne7+ Bxe7 29. Bxe7 Rd7 30. Bf6 Nf4 31. Bd1 Re8 32. Re1 Re6 33. Bg5 Nh5 34. a5 Bb5 35. Be2 Bxe2 36. Rxe2 d4 37. g4 Ng7 38. b4 Rb7 39. Rb2 1-0

[Event "Hessenliga 0809"]
[Site "Germany"]
[Date "2008.12.07"]
[Round "5.1"]
[White "Bonnaire, Ulrich"]
[Black "Elstner, Eik"]
[Result "1/2-1/2"]
[WhiteElo "2185"]
[BlackElo "2168"]
[PlyCount "101"]
[EventDate "2008.09.14"]
[EventType "team-tourn"]
[EventRounds "9"]
[EventCountry "GER"]
[SourceTitle "EXT 2011"]
[Source "ChessBase"]
[SourceDate "2010.11.26"]
[SourceVersion "1"]
[SourceVersionDate "2010.11.26"]
[SourceQuality "1"]
[WhiteTeam "Frankfurt West"]
[BlackTeam "Eppstein"]
[WhiteTeamCountry "GER"]
[BlackTeamCountry "GER"]

1. e4 e5 2. Nf3 Nc6 3. Bb5 a6 4. Ba4 Nf6 5. 0-0 b5 6. Bb3 Bc5 7. c3 d6 8. d4 Bb6 9. a4 Bg4 10. axb5 axb5 11. Rxa8 Qxa8 12. h3 Bxf3 13. Qxf3 exd4 14. e5 dxe5 15. Bg5 e4 16. Qf5 0-0 17. Bxf6 gxf6 18. Qxf6 Na5 19. Qg5+ Kh8 20. Bd5 Qd8 21. Qf5 e3 22. g3 Qd6 23. Be4 Qg6 24. Qf3 exf2+ 25. Kg2 Qg7 26. Nd2 dxc3 27. bxc3 Rd8 28. Rd1 Kg8 29. Bd5 Re8 30. Ne4 Re5 31. Nf6+ Kh8 32. Be4 c6 33. Rd7 Nc4 34. Ng4 Kg8 35. Bxh7+ Kh8 36. Rxf7 f1Q+ 37. Qxf1 Re2+ 38. Kh1 Re1 39. Qxe1 Qxf7 40. Be4 Kg7 41. Bxc6 Qf5 42. Qe7+ Kh8 43. Kh2 Qc2+ 44. Bg2 Qf5 45. Nh6 Qf2 46. Nf7+ Kg8 47. Nh6+ Kh8 48. h4 Ne3 49. Nf7+ Kg8 50. Nh6+ Kh8 51. Nf7+ 1/2-1/2

[Event "Hessenliga 0708"]
[Site "Germany"]
[Date "2008.01.20"]
[Round "5.3"]
[White "Chernysh, Andrey"]
[Black "Bonnaire, Ulrich"]
[Result "0-1"]
[WhiteElo "2208"]
[BlackElo "2198"]
[PlyCount "90"]
[EventDate "2007.09.30"]
[EventType "team"]
[EventRounds "9"]
[EventCountry "GER"]
[SourceTitle "EXT 2009"]
[Source "ChessBase"]
[SourceDate "2008.11.26"]
[SourceVersion "1"]
[SourceVersionDate "2008.11.26"]
[SourceQuality "1"]
[WhiteTeam "Baunatal"]
[BlackTeam "Frankfurt West"]
[WhiteTeamCountry "GER"]
[BlackTeamCountry "GER"]

1. Nf3 c5 2. e4 e6 3. c4 Nc6 4. Nc3 Nf6 5. d3 d6 6. h3 Be7 7. Bg5 0-0 8. Qc1 a6 9. Be2 Nd4 10. Bd1 b5 11. 0-0 Bb7 12. Re1 d5 13. cxd5 exd5 14. e5 Nd7 15. Bxe7 Qxe7 16. Nxd4 cxd4 17. Nb1 Rae8 18. f4 f6 19. Bg4 Nc5 20. Qd2 fxe5 21. fxe5 Qh4 22. Na3 h5 23. Bf3 Qg3 24. Qe2 Rf5 25. Rf1 Rexe5 26. Qd2 Re3 27. Be2 Rg5 28. Rf2 Qxh3 29. Raf1 Reg3 30. Rf8+ Kh7 31. Bf3 Bc8 32. Rf2 Bf5 33. Bxd5 Bxd3 34. Bg8+ Kh6 35. Bf7 Bh7 36. Rh8 Ne4 37. Qc2 d3 38. Qc6+ Nf6 39. Rxf6+ gxf6 40. Qxf6+ Rg6 41. Qf4+ R3g5 42. Rxh7+ Kxh7 43. Bxg6+ Rxg6 44. Qf7+ Rg7 45. Qf2 Rxg2+ 0-1

[Event "Hessenliga 0708"]
[Site "Germany"]
[Date "2007.10.28"]
[Round "2.3"]
[White "Bonnaire, Ulrich"]
[Black "Steyer, Bernd"]
[Result "0-1"]
[WhiteElo "2198"]
[BlackElo "2162"]
[PlyCount "88"]
[EventDate "2007.09.30"]
[EventType "team"]
[EventRounds "9"]
[EventCountry "GER"]
[SourceTitle "EXT 2009"]
[Source "ChessBase"]
[SourceDate "2008.11.26"]
[SourceVersion "1"]
[SourceVersionDate "2008.11.26"]
[SourceQuality "1"]
[WhiteTeam "Frankfurt West"]
[BlackTeam "Eppstein"]
[WhiteTeamCountry "GER"]
[BlackTeamCountry "GER"]

1. c4 Nf6 2. Nc3 c6 3. e4 e5 4. Nf3 d6 5. d4 Bg4 6. Be2 Bxf3 7. Bxf3 Be7 8. Be3 Nbd7 9. 0-0 0-0 10. Qc2 Qc7 11. Be2 a6 12. Rac1 Rac8 13. f4 b5 14. cxb5 cxb5 15. Qd2 Qb7 16. Bf3 b4 17. Nd5 Nxd5 18. exd5 exd4 19. Bxd4 a5 20. Qd3 Rxc1 21. Rxc1 Rc8 22. Rc4 Qa6 23. Be2 Qxc4 24. Qxc4 Rxc4 25. Bxc4 Bf6 26. Bxf6 Nxf6 27. Bb3 Kf8 28. Kf2 Ke7 29. h3 Kd7 30. Ke3 Kc7 31. g4 Kb6 32. Kd4 Kb5 33. Bc4+ Kb6 34. Be2 Nd7 35. Bd3 h6 36. h4 Nc5 37. Bc2 Kb5 38. g5 b3 39. Bb1 bxa2 40. Bxa2 Kb4 41. gxh6 gxh6 42. Bc4 Na4 43. Be2 Nxb2 44. Bh5 a4 0-1

[Event "Hessenliga 0607"]
[Site "Germany"]
[Date "2007.02.11"]
[Round "7.4"]
[White "Bonnaire, Ulrich"]
[Black "Gries, Volker"]
[Result "0-1"]
[WhiteElo "2193"]
[BlackElo "2147"]
[PlyCount "98"]
[EventDate "2006.09.17"]
[EventType "team"]
[EventRounds "9"]
[EventCountry "GER"]
[SourceTitle "EXT 2008"]
[Source "ChessBase"]
[SourceDate "2007.11.25"]
[SourceVersion "1"]
[SourceVersionDate "2007.11.25"]
[SourceQuality "1"]
[WhiteTeam "Frankfurt West"]
[BlackTeam "Oberursel II"]
[WhiteTeamCountry "GER"]
[BlackTeamCountry "GER"]

1. e4 d6 2. d4 Nf6 3. Nc3 g6 4. Be3 c6 5. f3 b5 6. Qd2 Nbd7 7. Bd3 Nb6 8. b3 Qc7 9. Nge2 e5 10. 0-0 Bg7 11. Bh6 0-0 12. Bxg7 Kxg7 13. f4 Nbd7 14. dxe5 dxe5 15. f5 Nc5 16. Rf3 b4 17. Na4 Ncxe4 18. Bxe4 Nxe4 19. Qxb4 Bxf5 20. Raf1 a5 21. Qe1 Bg4 22. Re3 Bxe2 23. Rxe2 f5 24. Nc3 Qb6+ 25. Kh1 Qc5 26. Nxe4 fxe4 27. Rxf8 Rxf8 28. Rxe4 Rf5 29. c4 Qf2 30. Qxf2 Rxf2 31. Kg1 Rxa2 32. Rxe5 a4 33. bxa4 Rxa4 34. Re4 Kf6 35. Kf2 Kf5 36. Rh4 h5 37. Ke3 c5 38. Rf4+ Ke5 39. Re4+ Kf5 40. Rf4+ Ke6 41. g4 Ra3+ 42. Ke4 Rc3 43. gxh5 Rxc4+ 44. Kf3 Rxf4+ 45. Kxf4 gxh5 46. Ke4 h4 47. h3 Kd6 48. Kd3 Ke5 49. Ke3 c4 0-1

[Event "Hessenliga 0607"]
[Site "Germany"]
[Date "2006.11.12"]
[Round "4.1"]
[White "Bonnaire, Ulrich"]
[Black "Hoffmeister, Frank"]
[Result "1/2-1/2"]
[WhiteElo "2193"]
[BlackElo "2168"]
[PlyCount "91"]
[EventDate "2006.09.17"]
[EventType "team"]
[EventRounds "9"]
[EventCountry "GER"]
[SourceTitle "EXT 2008"]
[Source "ChessBase"]
[SourceDate "2007.11.25"]
[SourceVersion "1"]
[SourceVersionDate "2007.11.25"]
[SourceQuality "1"]
[WhiteTeam "Frankfurt West"]
[BlackTeam "Eppstein"]
[WhiteTeamCountry "GER"]
[BlackTeamCountry "GER"]

1. e4 c6 2. d4 d5 3. f3 dxe4 4. fxe4 e5 5. Nf3 Be6 6. c3 Nf6 7. Bd3 Nbd7 8. 0-0 h6 9. Kh1 Qc7 10. Be3 Be7 11. Qe2 0-0 12. Nbd2 b5 13. c4 b4 14. d5 Bg4 15. h3 Bh5 16. g4 Bg6 17. Qf2 cxd5 18. cxd5 Nxd5 19. Rac1 Qb7 20. Bc4 Nxe3 21. Qxe3 Rac8 22. Bd5 Qb8 23. Nc4 Bc5 24. Qe2 Bd4 25. Rcd1 Nf6 26. Nxd4 Nxd5 27. exd5 exd4 28. Rxd4 b3 29. axb3 Qxb3 30. Rf3 Qb4 31. b3 Rfe8 32. Re3 Rxe3 33. Qxe3 Qc5 34. d6 Rd8 35. Qd2 Rd7 36. Kh2 f6 37. Rd5 Qc6 38. Qd4 Bf7 39. Rc5 Qb7 40. Ra5 Qb8 41. Ra6 Qxb3 42. Rc6 Qc2+ 43. Kg3 Bxc4 44. Rxc4 Rxd6 45. Qxd6 Qxc4 46. Qb8+ 1/2-1/2

[Event "Hessenliga 0607"]
[Site "Germany"]
[Date "2006.10.08"]
[Round "2.2"]
[White "Bonnaire, Ulrich"]
[Black "Sehrt, Juergen"]
[Result "1/2-1/2"]
[WhiteElo "2193"]
[BlackElo "2238"]
[PlyCount "142"]
[EventDate "2006.09.17"]
[EventType "team"]
[EventRounds "9"]
[EventCountry "GER"]
[SourceTitle "EXT 2008"]
[Source "ChessBase"]
[SourceDate "2007.11.25"]
[SourceVersion "1"]
[SourceVersionDate "2007.11.25"]
[SourceQuality "1"]
[WhiteTeam "Frankfurt West"]
[BlackTeam "Giessen II"]
[WhiteTeamCountry "GER"]
[BlackTeamCountry "GER"]

1. e4 c5 2. Nf3 d6 3. d4 cxd4 4. Nxd4 Nf6 5. Nc3 a6 6. Bg5 e6 7. Qf3 Nbd7 8. 0-0-0 Qc7 9. Qg3 Be7 10. f4 h6 11. Bh4 g5 12. fxg5 Rg8 13. g6 Rxg6 14. Qh3 Ne5 15. Be2 Bd7 16. Rhf1 Bc6 17. Bxf6 Rxf6 18. Rxf6 Bxf6 19. Qxh6 Qe7 20. Kb1 0-0-0 21. Rf1 Bg5 22. Qh7 Bf6 23. Qh6 Bg5 24. Qg7 Bd7 25. g3 Rf8 26. h4 Bd2 27. Nd1 Qd8 28. Qf6 Rg8 29. Qxd8+ Kxd8 30. Rg1 Ke7 31. c3 Bh6 32. g4 Bf4 33. Rg2 Rh8 34. h5 Rg8 35. Nf2 Be3 36. Nh3 Bxd4 37. cxd4 Bc6 38. Nf2 Nd7 39. g5 Nf8 40. Bd3 Nh7 41. Nh3 e5 42. dxe5 dxe5 43. g6 Nf6 44. Rg5 fxg6 45. hxg6 Nd7 46. Nf2 Kf6 47. Rf5+ Kxg6 48. Ng4 Re8 49. Kc2 Re7 50. Kd2 a5 51. Ke3 b6 52. a3 Re6 53. b4 Re7 54. Bc4 Ba4 55. Be2 Bc6 56. Ba6 Re8 57. Rf1 Rh8 58. Rf3 Rh1 59. Rg3 Kf7 60. Bc4+ Ke7 61. Nf2 Rc1 62. Kd3 Ra1 63. Kd2 b5 64. Bd5 Bxd5 65. exd5 Ra2+ 66. Ke1 axb4 67. axb4 Nf6 68. Rg7+ Kd6 69. Rg6 Ke7 70. Rg7+ Kd6 71. Rg6 Ke7 1/2-1/2